Vstup Slovenskej republiky do OECD: podmienky a perspektívy

Organizácia pre hospodársku spoluprácu a rozvoj - OECD vznikla v r. 1961. V súčasnosti je OECD najprestížnejšie zoskupenie svojho druhu vo svete. Členstvo v OECD. Liberalizačné kódy OECD. Slovenská republika podala žiadosť o členstvo v tejto organizácii v r.1994. Akceptácia prihlášky Radou OECD. Pre...

Celý popis

Uložené v:
Podrobná bibliografia
Hlavný autor: Šesták, J.
Médium: Kapitola
Jazyk:Slovak
Predmet:
Tagy: Pridať tag
Žiadne tagy, Buďte prvý, kto otaguje tento záznam!

MARC

LEADER 00000naa a2200000 4500
001 r025155
005 20230918074143.7
041 0 |a slo 
044 |a SK 
245 1 0 |a Vstup Slovenskej republiky do OECD: podmienky a perspektívy  |c J. Šesták 
520 |a Organizácia pre hospodársku spoluprácu a rozvoj - OECD vznikla v r. 1961. V súčasnosti je OECD najprestížnejšie zoskupenie svojho druhu vo svete. Členstvo v OECD. Liberalizačné kódy OECD. Slovenská republika podala žiadosť o členstvo v tejto organizácii v r.1994. Akceptácia prihlášky Radou OECD. Predpoklady SR stať sa plnoprávnym a rovnocenným členom OECD. 
610 2 0 |a OECD 
610 2 0 |a Slovensko 
610 2 0 |a hospodárstvo národné 
610 2 0 |a liberalizácia 
610 2 0 |a trh kapitálový 
610 2 0 |a Európska únia 
610 2 0 |a hospodárstvo svetové 
610 2 0 |a transformácia 
100 1 |a Šesták, J.